000 00328nam a2200133Ia 4500
008 240624s9999 xx 000 0 und d
041 _aeng
082 _a658.4092 POS
100 _aPOSCENTE VINCE
245 _aANT AND THE ELEPHANT
260 _c2006
_aMumbai
_bEmbassy Books
300 _a115 : p. : cm. ; 20
365 _cRS
_b25
999 _c22268
_d22268